000 01064nam a22003377a 4500
001 BR8204814
003 BR-BrBNA
005 20230928091428.0
007 ta
008 230509b bl.||||| |||| 00| 0 por d
040 _aBR-BrBNA
_bpor
_cBiblioteca Nacional de Agricultura
041 _a(Por)
072 _aP10
_b/G514
_b/GZ35
090 _ P10 BR8204814
110 1 _aDepartamento Nacional de Aguas e Energia Eletrica, Sao Paulo, SP (Brasil);
_93270
110 1 _aCompanhia de Pesquisa de Recursos Minerais, Sao Paulo, SP (Brasil)
245 1 _aBacia do Rio Parnaiba, caracterizacao da area e dos usos das aguas. Relatorio sintese [recurso hidrico, regiao nordeste, Brasil]
260 3 _aSao Paulo, SP (Brasil):
_c1982.
300 _a36 p.
500 _a8 illus.
650 _aCLIMA
650 _aPOPULACAO
650 _aRESERVATORIO DE AGUA
650 _aVAZAO
650 _aSANEAMENTO RURAL
650 _aRIO PARNAIBA
650 _aBACIA HIDROGRAFICA
650 _aREGIAO NORDESTE
909 _a202309
_bLucia
_c55
_dLucia Elande
942 _cBK
999 _c33828
_d33828